Le Donjon de Naheulbeuk - Mon Ancêtre Gurdil - Paroles - Statistiques

Statistiques générales
  • Ce quiz a été pris 94 fois
  • Le résultat moyen est 45 sur 50
Statistiques - réponses
Paroles % Correct
Nous sommes les nains sous la {montagne}
99%
On creuse le jour, on {boit} la nuit
99%
Un jour, mon ancêtre {Gurdil}
99%
De courir vite, et de voyager {loin}
98%
Et on n'aime pas ceux de la {surface} !
98%
Nous sommes les nains sous la {montagne}
98%
On creuse le jour, on {boit} la nuit
98%
Et on n'aime pas ceux de la {surface} !
96%
Y'avait soit disant du {Mithril}
96%
Des gens qui bouffent de la {verdure}
95%
D'un bois touffu, peuplé d'{elfes} sylvains
94%
Évidemment, ça ne fait pas des bons {voisins}
94%
Nous sommes les nains sous la {montagne}
94%
On creuse le jour, on {boit} la nuit
94%
Lui dirent les elfes, en lui jetant des {pierres}
94%
Nous le suivrons, une {bière} à la main
94%
Si y'en avait, on sait pas où il s'{trouvait} !
94%
Voici l'histoire d'un nain {capable}
94%
Et on n'aime pas ceux de la {surface} !
93%
Dans son épopée {formidable}
91%
Fut envoyé creuser dans la {forêt}
91%
Nous sommes les nains sous la {montagne}
91%
Mais aucun homme ne voulait servir un {nain}
91%
Arrière, tu n'es pas {bienvenu}
90%
Nous sommes les nains sous la {montagne}
90%
On creuse le jour, on {boit} la nuit
90%
On creuse le jour, on {boit} la nuit
90%
Allez patron, ressert donc une {bière}
89%
Bien sûr qu'on y vendait d'la {bière}
89%
Et on n'aime pas ceux de la {surface} !
89%
Et on n'aime pas ceux de la {surface} !
89%
Nous sommes les nains sous la {montagne}
89%
On creuse le jour, on {boit} la nuit
89%
Et on n'aime pas ceux de la {surface} !
88%
Il arrive près d'un village {humain}
88%
Il prit la fuite en suivant la {rivière}
88%
Ondines bleues, bullant sur le {rivage}
87%
Puis il rentra à la {maison}
87%
Amis, restons bien à l'{abri}
85%
Et de la {mine}, il ne repartit jamais
84%
Il fit sa {cabane} en bordure
84%
Il recracha tout dans leurs {visages}
84%
Voyant que tout était {foutu}
84%
Là-haut c'est peuplé d'{abrutis}
83%
Mangeons, buvons dans nos maisons de {pierres}
82%
D'une taverne, à coups de {tabouret}
80%
Gurdil massacra le {patron}
80%
De l'eau de {pluie} lui fut donnée
79%
Il fut recueilli par les {fées}
79%
Courant à travers les {fougères}
66%
Aucun quiz correspondant
Distribution des résultats
% des personnes avec chaque résultat
Percentile par nombre de réponses
Votre historique - résultats
Vous n’avez pas pris ce quiz